|
|
|
|
| LEADER |
00873nta a2200205 i 4500 |
| 001 |
dokt211 |
| 005 |
20200210095743.0 |
| 008 |
100513s2004 hu om 0|| eng d |
| 024 |
7 |
|
|a 31162057
|2 mtmt
|
| 040 |
|
|
|a SZTE Doktori Repozitórium
|b hun
|
| 041 |
|
|
|a eng
|
| 100 |
1 |
|
|a Resch Béla Endre
|
| 245 |
1 |
0 |
|a Examination of the contractility of human placental blood vessels in vitro
|h [elektronikus dokumentum] /
|c Resch Béla Endre
|
| 260 |
|
|
|c 2004
|
| 502 |
|
|
|a Disszertacio
|
| 650 |
|
4 |
|a klinikai orvostudományok
|
| 700 |
1 |
|
|a Falkay György
|e ths
|
| 856 |
4 |
0 |
|u https://doktori.bibl.u-szeged.hu/id/eprint/211/4/2003_resch_bela_endre.pdf
|z Dokumentum-elérés
|
| 856 |
4 |
0 |
|u https://doktori.bibl.u-szeged.hu/id/eprint/211/1/tz_eredeti2341.pdf
|z Dokumentum-elérés
|
| 856 |
4 |
0 |
|u https://doktori.bibl.u-szeged.hu/id/eprint/211/5/2003_resch_bela_endre_publikaciok.pdf
|z Dokumentum-elérés
|